000 00698nam a2200265Ia 4500
003 OSt
005 20221006140719.0
006 a|||||r|||| 00| 0
007 ta
008 221006b |||||||| |||| 00| 0 jpn d
020 _a9784062580922
_c¥1500
024 _a452
037 _bGift, Japan Foundation
_cTextual
040 _aEASL
_cEASL
_bjpn
041 _2jpn
_ajpn
082 _aNQ42v, N6
100 _aSATO Doshin
_9643272
245 0 _aNihon bijitsu
_bTanjo
260 _aTokyo
_bKodansha Japan
_c1996
300 _a246p.
_ccm.
490 _v JL
650 _aJL
942 _hNQ42v, N6
_cTEXL
_2CC
999 _c1068539
_d1068539